Plus - plus Beata S dobrou hudbou ku Dňu tlače

Bibliographic Details
Main Author: Karšay, A. (Author)
Format: Article
Language:Slovak
PhysicalDescription:Obr. 1.
Subjects:

MARC

LEADER 00000nab a2200000 a 4500
001 vtls000160913
003 SK-MaSNL
005 20260304201154.0
008 111104c1983 xo 0 slo
015 |a SNBRB19rr/mm-uuuuu 
035 |a CL0171023 
040 |a SNKBUCL  |b slo  |c SNKBUCL  |e AACR2 
041 0 |a slo 
044 |a xo  |c SK 
080 |a 784.66  |2 1981 
100 1 |a Karšay, A.  |4 aut  |9 271721 
245 1 0 |a Plus - plus Beata  |b S dobrou hudbou ku Dňu tlače  |c A. Karšay 
300 |b Obr. 1. 
650 0 7 |a populárna hudba  |2 snkbucl  |9 3428 
650 0 7 |a Plus (skupina)  |2 snkbucl  |9 1532768 
655 7 |a články z novín a časopisov  |2 snkbucl  |9 267496 
773 0 |t Ľud  |g Roč. 36, č. 230 (29. 9. 1983), s. 5 
850 |a Slovenská národná knižnica v Martine  |a MTA001 
852 |a SNK  |b KIS3GCP 
958 |a RK 
992 |a RBX 
999 |c 3093613  |d 3095543